Science Part 1 - Statistics

General Stats
  • This quiz has been taken 247 times
  • The average score is 9 of 18
Answer Stats
Hint Answer % Correct
What does the C stand for in CO2? Carbon
96%
Physics Distance/ Time = ? Speed
86%
Chemistry Only atom without a neutron Hydrogen
72%
Biology When water travels through a semi-permeable membrane. Osmosis
68%
When you burn Potassium it makes what colour flame? Lilac
66%
Contains genetic material, which controls the activities of the cell Nucleus
64%
Respiration Without Oxygen Anaerobic
61%
Respiration with oxygen Aerobic
60%
The large intestine absorbs..... Water
57%
A biological Catalyst Enzyme
52%
Current x Resistance = ? Voltage
50%
Which one of Newtons laws of motion is the following? III. For every action there is an equal and opposite reaction. 3rd law
49%
What kind of material is it if it can easily be turned into wires Ductile
38%
When a skydiver is in the air, he has a resistance, what is the name of that resistance? Air Resistance
36%
Most reactive Element in group one Francium
23%
What part of the nuclear reactors hold the reactant? Fuel Rods
10%
When air is trapped it creates??? Heat
7%
A Scientist who created Ammonia with nitrogen and hydrogen atoms. Fritz Haber
5%
No matching quizzes found
Score Distribution
Percent of People with Each Score
Percentile by Number Answered
Your Score History
You have not taken this quiz